Statistics for Guess the Hit Title from the Lyrics #9

Click here to take the quiz!

General Stats

  • This quiz has been taken 133 times
  • The average score is 4 of 15

Answer Stats

LyricsAnswer% Correct
'Cause I, I, I'm in the stars tonight / So watch me bring the fire and set the night alight / Shining through the city with a little funk and soul / So I'ma light it up like ______Dynamite: By BTS
59%
Don't want to close my eyes / I don't want to fall asleep / 'Cause I'd miss you baby / And I ___ ___ __ ___ _ ___Don't Want to Miss a Thing: By Aerosmith
50%
I got you, moonlight / You're my starlight / I need you all night / Come on, dance with me / I'm ______Levitating: By Dua Lipa
44%
Now and then when I see her face / She takes me away to that special place / And if I stare too long, I'd probably break down and cry / Whoa, oh, oh / ____ ___ _' ___Sweet Child o' Mine: By Guns n' Roses
38%
Mmm num ba de / Dum bum ba be / Doo buh dum ba beh beh / Pressure pushing down on me / Pressing down on you, no man ask for / ____ _____ that burns a building down / Splits a family in two / Puts people on streetsUnder Pressure: By Queen and David Bowie
38%
Right before I close my eyes / The only thing that's on my mind / Been dreamin' that you feel it too / I _____ what it's like to be loved by youWonder: By Shawn Mendes
35%
Two-step to the bedroom / We don't need no dance floor / Let me see your best move / Anything could happen / Ever since I met you / No need to imagine / Baby, all I'm asking / Is let me ___ __ _____Take You Dancing: By Jason Derulo
23%
And _ ____ by the moon and the stars in the sky / I'll be there / _ ____ like a shadow that's by your side / I'll be thereI Swear: By All-4-One
20%
Although we've come / To the ___ __ __ ___ / Still I can't let go / It's unnatural / You belong to me / I belong to youEnd of the Road: By Boyz II Men
19%
On God / Runnin' to the altar like a track star / Can't wait another second / 'Cause the way you hold me, hold me, hold me, hold me, hold me / Feels so ____Holy: By Justin Bieber
19%
My ______ leave with you (mm) / You're never gonna hear my heart break (mm) / Never gonna move in dark ways (mm) / Baby, you're so cruel / My ______ leave with you (mm)Diamonds: By Sam Smith
8%
And I keep second guessing, where did I go wrong? / I know I'm proud, but I've had __ __ ___, come take me homeOne too Many: By Keith Urban and P!nk
5%
Who else am I gonna lean on / When times get rough / Who’s gonna talk to me on the phone / Till the sun comes up / Who’s gonna take your place / There ain't nobody better / Oh, baby, baby / __ ____ ______We Belong Together: By Mariah Carey
5%
When the good times are rollin' on me / I got plenty in my pocket if you're ever in need / Bad times know where I'll be / I got plenty in my pocket if you're ever in need / Singin', oh, ____ ___ ___ / Oh, ____ ___ ___Share that Love: By Lukas Graham
4%
But I'm _____ ___ __ tonight / Oh I will be the pill for your pain / Until the clouds have run out of rain / Close enough but just out of sight / I'm _____ ___ __ tonightStanding with You: By Guy Sebastian
4%

Score Distribution

Percentile by Number Answered

Percent of People with Each Score

Your Score History

You have not taken this quiz